Stone and man: a photographic exploration
Сохранить в:
| Главный автор: | |
|---|---|
| Формат: | |
| Язык: | английский |
| Опубликовано: |
Nueva York
Dover Publications
1979
|
| Серии: | Dover photography collections
|
| Предметы: | |
| Метки: |
Добавить метку
Нет меток, Требуется 1-ая метка записи!
|
MARC
| LEADER | 00000nam a2200000 a 4500 | ||
|---|---|---|---|
| 001 | UCY0155 | ||
| 003 | CL-VaPUC | ||
| 008 | 940714e19790000US |||||||||||||||||eng|d | ||
| 082 | 0 | 4 | |a 779 |b FEI |2 21 |
| 100 | 0 | |a Feininger, Andreas |e author |9 327786 | |
| 245 | 1 | 0 | |a Stone and man: a photographic exploration |
| 300 | |a 128 p | ||
| 942 | |c BK | ||
| 945 | |d 19940714 00:00:00 |a oaravena | ||
| 260 | |a Nueva York |b Dover Publications |c 1979 | ||
| 650 | 0 | |a Fotografía artística |9 269391 | |
| 583 | |a last modification |c 19940714 00:00:00 |k Rodrigo Vera | ||
| 490 | 0 | |a Dover photography collections | |
| 999 | |c 229237 |d 229235 | ||
| 952 | |0 0 |1 0 |4 0 |6 779_000000000000000_FEI_1979 |7 0 |8 A |9 230097 |a BIBARQ |b BIBARQ |d 2019-11-15 |i 2991071 |o 779 FEI 1979 |p 2991071 |r 2025-01-20 |w 2019-11-15 |y BK |k ARQ | ||